| 000 | 00864nab a2200253 u 4500 | ||
|---|---|---|---|
| 001 | 11708 | ||
| 003 | HDC | ||
| 007 | cr bn ---aaaaa | ||
| 008 | 210207c9999 my |r|noo 0 a may d | ||
| 040 | _aHDC | ||
| 100 |
_aMuhamad Adzhar Tajuddin _912059 |
||
| 245 | 0 |
_aJaipk tarik balik sijil halal / oleh _cMuhamad Adzhar Tajuddin |
|
| 260 |
_a[no place] : _b[publisher not identified], _c[no year] |
||
| 336 |
_atext _2rdacontent |
||
| 337 |
_acomputer _2rdamedia |
||
| 338 |
_aonline resource _2rdacarrier |
||
| 650 |
_aHalal certification _9753 |
||
| 650 |
_aslaughter of chickens _910567 |
||
| 710 | _aSinar Harian Online | ||
| 856 | _zRequest full-text at [email protected] | ||
| 942 | _2lcc | ||
| 942 | _cNEWS | ||
| 942 | _kNWSO 001341 | ||
| 999 |
_c9031 _d9031 |
||